书目信息 |
| 题名: |
高等学校科研激励机制研究
|
|
| 作者: | 李滨江 著 | |
| 分册: | ||
| 出版信息: | 武汉 湖北人民出版社 2006.08 |
|
| 页数: | 268页 | |
| 开本: | 21cm | |
| 丛书名: | ||
| 单 册: | ||
| 中图分类: | G644 | |
| 科图分类: | ||
| 主题词: | 高等学校--gao deng xue xiao--科研管理--激励--研究--中国 | |
| 电子资源: | ||
| ISBN: | 7-216-04701-X | |
| 000 | 00842nam0 2200241 450 | |
| 001 | 012008973889 | |
| 005 | 20080430105039.97 | |
| 010 | @a7-216-04701-X@dCNY26.00 | |
| 100 | @a20080430d2006 em y0chiy0120 ea | |
| 101 | 0 | @achi |
| 102 | @aCN@b420000 | |
| 105 | @aak a 000yy | |
| 106 | @ar | |
| 200 | 1 | @a高等学校科研激励机制研究@Agao deng xue xiao ke yan ji li ji zhi yan jiu@f李滨江著@Fli bin jiang zhu |
| 210 | @a武汉@c湖北人民出版社@d2006.08 | |
| 215 | @a268页@d21cm | |
| 320 | @a有书目 (第265-266页) | |
| 330 | @a本书主要内容包括:高校科研管理模式的改革、管理心理想的相关激励理论、高校科研管理的激励对象、高校科研全面激励机制等。 | |
| 606 | 0 | @a高等学校@Agao deng xue xiao@x科研管理@x激励@x研究@y中国 |
| 690 | @aG644@v4 | |
| 701 | 0 | @a李滨江@Ali bin jiang@4著 |
| 801 | 0 | @aCN@bQSSK@c20080430 |
| 905 | @b299646-48@dG644@eL122@f3 | |
| 高等学校科研激励机制研究/李滨江著.-武汉:湖北人民出版社,2006.08 |
| 268页;21cm |
| ISBN 7-216-04701-X:CNY26.00 |
| 本书主要内容包括:高校科研管理模式的改革、管理心理想的相关激励理论、高校科研管理的激励对象、高校科研全面激励机制等。 |
| ● |
| 相关链接 |
|
|
|
正题名:高等学校科研激励机制研究
索取号:G644/L122
 
预约/预借
| 序号 | 登录号 | 条形码 | 馆藏地/架位号 | 状态 | 备注 |
| 1 | 299646 | 202996464 | 社科库409/409社科库 12排1列2层/ [索取号:G644/L122] | 在馆 | |
| 2 | 299647 | 202996473 | 社科库409/409社科库 12排1列2层/ [索取号:G644/L122] | 在馆 | |
| 3 | 299648 | 202996482 | 社科库409/409社科库 12排1列2层/ [索取号:G644/L122] | 在馆 |